000 00526nam a2200193 a 4500
001 1770285651892
003 YourLibrary
005 20260205153740.0
008 260205s1993##################000#0#eng##
020 _a9780521457385
082 0 4 _a332.6320941
_bNEA
100 1 _aNeal, Larry,
_eauthor.
245 1 0 _aThe Rise of Financial Capitalism :
260 _bCambridge University Press,
_c1993.
300 _a294 pages
650 0 _aBusiness & Economics.
942 _cENGLISH
040 _aYourLibrary
_beng
_cYourLibrary
999 _c610384
_d610384